[Event "Titled Tuesday intern op 01st Apr Early"]
[Site "Chess.com INT"]
[Date "2025.04.01"]
[Round "1"]
[White "Nikhil, M."]
[Black "Krsnik Cohar, Ivan Vihor"]
[Result "0-1"]
[WhiteElo "2261"]
[BlackElo "2362"]
[PlyCount "83"]
[EventDate "2025.04.01"]
[EventType "swiss (blitz)"]
[EventRounds "11"]
[EventCountry "USA"]
[SourceTitle "CB15_2025"]
[SourceDate "2025.04.09"]
[SourceVersion "1"]
[SourceVersionDate "2025.04.09"]
[SourceQuality "1"]

1. d4 d5 2. c4 Bf5 3. Nf3 e6 4. Nc3 Nc6 5. cxd5 exd5 6. e3 Nb4 7. Bb5+ c6 8. Ba4 Nd3+ 9. Kf1 Nf6 10. Bc2 Nxf2 11. Kxf2 Ng4+ 12. Kg1 Bxc2 13. Qxc2 Bd6 14. Qf5 Nf6 15. Bd2 0-0 16. g3 Re8 17. Kg2 Bb4 18. Ne5 Qe7 19. Rhf1 Rf8 20. Qg5 Qe6 21. Rf3 Bxc3 22. Bxc3 Ne4 23. Qf4 f6 24. Nd3 b6 25. Raf1 Rfe8 26. Nf2 Ng5 27. Ng4 h5 28. Nxf6+ gxf6 29. Qxf6 Nxf3 30. Qxf3 Qe4 31. Qxe4 Rxe4 32. Bd2 Rf8 33. Rxf8+ Kxf8 34. Kf3 Kf7 35. h3 Kg6 36. Be1 Kf5 37. Bf2 c5 38. dxc5 bxc5 39. b3 a5 40. Be1 a4 41. Bd2 axb3 42. a3 0-1

[Event "Titled Tuesday intern op 18th Mar Late"]
[Site "Chess.com INT"]
[Date "2025.03.18"]
[Round "3"]
[White "Krsnik Cohar, Ivan Vihor"]
[Black "Smieszek, Wojciech"]
[Result "1-0"]
[WhiteElo "2362"]
[BlackElo "2147"]
[PlyCount "53"]
[EventDate "2025.03.18"]
[EventType "swiss (blitz)"]
[EventRounds "11"]
[EventCountry "USA"]
[SourceTitle "CB13_2025"]
[SourceDate "2025.03.26"]
[SourceVersion "1"]
[SourceVersionDate "2025.03.26"]
[SourceQuality "1"]

1. d4 Nf6 2. Bf4 c5 3. c3 g6 4. e3 b6 5. Be2 Bb7 6. Bf3 Bxf3 7. Nxf3 Bg7 8. h3 0-0 9. 0-0 d6 10. Nbd2 Nbd7 11. Re1 Re8 12. e4 e5 13. dxe5 dxe5 14. Bh2 Nh5 15. Nc4 Re6 16. a4 Qe7 17. Qd5 Re8 18. Rad1 Ndf6 19. Qd2 Nf4 20. Ncxe5 N4h5 21. g4 Nxe4 22. Rxe4 f5 23. Nc6 Qf7 24. Ng5 Bh6 25. Rxe6 Rxe6 26. Qd8+ Re8 27. Nxf7 1-0

[Event "Titled Tuesday intern op 04th Mar Early"]
[Site "Chess.com INT"]
[Date "2025.03.04"]
[Round "7"]
[White "Kim, Sergey2"]
[Black "Krsnik Cohar, Ivan Vihor"]
[Result "1/2-1/2"]
[WhiteElo "2295"]
[BlackElo "2362"]
[PlyCount "119"]
[EventDate "2025.03.04"]
[EventType "swiss (blitz)"]
[EventRounds "11"]
[EventCountry "USA"]
[SourceTitle "CB11_2025"]
[SourceDate "2025.03.12"]
[SourceVersion "1"]
[SourceVersionDate "2025.03.12"]
[SourceQuality "1"]

1. d4 d5 2. c4 Bf5 3. Nc3 e6 4. Nf3 Nc6 5. a3 Nf6 6. Bg5 Be7 7. e3 0-0 8. Bd3 Bxd3 9. Qxd3 h6 10. Bxf6 Bxf6 11. cxd5 exd5 12. b4 Ne7 13. 0-0 c6 14. Rfc1 Re8 15. b5 Rc8 16. Na4 Qa5 17. Nc5 cxb5 18. Nxb7 Qb6 19. Nc5 a6 20. Rab1 Qd6 21. h3 Nc6 22. a4 bxa4 23. Qxa6 Ra8 24. Qb5 a3 25. Nb7 Qd7 26. Qxc6 Qxc6 27. Rxc6 a2 28. Ra1 Reb8 29. Rb6 Ra7 30. Rb2 Rbxb7 31. Rxb7 Rxb7 32. Rxa2 g6 33. g4 Kg7 34. Ra5 Rd7 35. Kg2 Bd8 36. Rb5 Bf6 37. Ne1 Kf8 38. Nd3 Ke7 39. Nb4 Ke6 40. f4 Be7 41. Nd3 Bd6 42. Rb6 Ra7 43. Kf3 Ra2 44. f5+ gxf5 45. gxf5+ Ke7 46. Nf4 Bxf4 47. Kxf4 f6 48. Re6+ Kf7 49. Rd6 Rf2+ 50. Kg4 h5+ 51. Kxh5 Rxf5+ 52. Kg4 Rg5+ 53. Kf4 Ke7 54. Ra6 Rh5 55. Kg4 Rg5+ 56. Kf3 Rh5 57. Kg3 Rg5+ 58. Kf4 Rh5 59. Kg4 Rg5+ 60. Kf4 1/2-1/2

[Event "Titled Tuesday intern op 04th Feb Early"]
[Site "Chess.com INT"]
[Date "2025.02.04"]
[Round "9"]
[White "Reprintsev, Alexander"]
[Black "Krsnik Cohar, Ivan Vihor"]
[Result "0-1"]
[WhiteElo "2232"]
[BlackElo "2362"]
[PlyCount "90"]
[EventDate "2025.02.04"]
[EventType "swiss (blitz)"]
[EventRounds "11"]
[EventCountry "USA"]
[SourceTitle "CB07_2025"]
[SourceDate "2025.02.12"]
[SourceVersion "1"]
[SourceVersionDate "2025.02.12"]
[SourceQuality "1"]

1. e4 d5 2. exd5 Qxd5 3. Nc3 Qe5+ 4. Be2 c6 5. Nf3 Qc7 6. 0-0 Bf5 7. b4 e6 8. b5 Nf6 9. bxc6 bxc6 10. Nd4 Bg6 11. Bf3 Bd6 12. Ndb5 cxb5 13. Bxa8 a6 14. g3 b4 15. Ne2 Bxc2 16. Qe1 Bd3 17. Bb2 0-0 18. Rc1 Qa5 19. Qd1 Nbd7 20. Bg2 Qxa2 21. Bxf6 Nxf6 22. Re1 Rd8 23. Ra1 Qb2 24. Qa4 Qxd2 25. Bf1 Bb5 26. Qa5 Be7 27. Nf4 g5 28. Bxb5 axb5 29. Ng2 Ng4 30. Ra2 Qc3 31. h3 Ne5 32. Re3 Nf3+ 33. Rxf3 Qxf3 34. Ra1 Rd1+ 35. Rxd1 Qxd1+ 36. Kh2 Qe2 37. Qa7 Bf6 38. h4 gxh4 39. gxh4 b3 40. Kg3 b2 41. Nf4 Qe5 42. Qa2 Bxh4+ 43. Kf3 Bg5 44. Ne2 Qf5+ 45. Kg2 b1Q 0-1

[Event "Titled Tuesday intern op 04th Feb Early"]
[Site "Chess.com INT"]
[Date "2025.02.04"]
[Round "4"]
[White "Slaby, Jerzy"]
[Black "Krsnik Cohar, Ivan Vihor"]
[Result "1-0"]
[WhiteElo "2464"]
[BlackElo "2362"]
[PlyCount "87"]
[EventDate "2025.02.04"]
[EventType "swiss (blitz)"]
[EventRounds "11"]
[EventCountry "USA"]
[SourceTitle "CB07_2025"]
[SourceDate "2025.02.12"]
[SourceVersion "1"]
[SourceVersionDate "2025.02.12"]
[SourceQuality "1"]

1. e4 c6 2. d4 d5 3. f3 Qb6 4. Nc3 e5 5. dxe5 Bc5 6. Na4 Bf2+ 7. Ke2 Qd4 8. Qxd4 Bxd4 9. Be3 Bxe5 10. f4 Bg4+ 11. Nf3 Bxf4 12. Bxf4 dxe4 13. Re1 exf3+ 14. Kf2+ Be6 15. Nc5 Ne7 16. Nxe6 fxe6 17. Rxe6 fxg2 18. Bxg2 0-0 19. Rxe7 Rxf4+ 20. Kg3 Rf7 21. Re8+ Rf8 22. Re7 Rf7 23. Re8+ Rf8 24. Re7 Na6 25. Rxb7 Nc5 26. Re7 Rab8 27. b3 Rbd8 28. Rhe1 Rf7 29. Bxc6 Rxe7 30. Rxe7 Rd2 31. c4 Rxa2 32. Bd5+ Kf8 33. Rf7+ Ke8 34. Rxg7 Nxb3 35. Rxh7 a5 36. Ra7 Nc5 37. h4 a4 38. h5 Ra3+ 39. Kg4 Ra2 40. h6 Rh2 41. h7 Kf8 42. Kg5 a3 43. Kg6 a2 44. Rxa2 1-0

[Event "Titled Tuesday intern op 04th Feb Early"]
[Site "Chess.com INT"]
[Date "2025.02.04"]
[Round "8"]
[White "Wirig, Anthony"]
[Black "Krsnik Cohar, Ivan Vihor"]
[Result "1-0"]
[WhiteElo "2419"]
[BlackElo "2362"]
[PlyCount "205"]
[EventDate "2025.02.04"]
[EventType "swiss (blitz)"]
[EventRounds "11"]
[EventCountry "USA"]
[SourceTitle "CB07_2025"]
[SourceDate "2025.02.12"]
[SourceVersion "1"]
[SourceVersionDate "2025.02.12"]
[SourceQuality "1"]

1. d4 d5 2. Bg5 Bf5 3. e3 h6 4. Bh4 c6 5. Bd3 Bxd3 6. Qxd3 Qb6 7. Qb3 Nd7 8. Nf3 e6 9. 0-0 Be7 10. Bg3 Ngf6 11. c4 dxc4 12. Qxc4 Qxb2 13. Nbd2 Qa3 14. Rab1 Nb6 15. Qc2 Qa5 16. Ne5 0-0 17. h3 Nfd5 18. Ndc4 Qa6 19. a3 Nxc4 20. Nxc4 b5 21. Ne5 Rac8 22. e4 Nf6 23. a4 bxa4 24. Rfc1 c5 25. d5 exd5 26. exd5 Nxd5 27. Qe4 Nf6 28. Qf5 c4 29. Bf4 c3 30. Rc2 Qe6 31. Qxe6 fxe6 32. Rb7 Bc5 33. Nd3 Bb6 34. Be5 Rf7 35. Rxf7 Kxf7 36. Kf1 Nd5 37. Ke2 Rc4 38. f3 Kg8 39. Bd6 a5 40. Ra2 c2 41. Ra1 Be3 42. Ba3 Bg5 43. Bc1 Bxc1 44. Nxc1 Nb4 45. Kd2 Nd5 46. Kd3 Rc3+ 47. Kd2 a3 48. Ne2 Rc8 49. Rxa3 Rd8 50. Kxc2 Rc8+ 51. Kd2 Ra8 52. Nd4 Nf4 53. g3 Nxh3 54. Nb3 a4 55. Nc5 Ng5 56. Ke3 Rc8 57. Nxa4 Ra8 58. Ra2 Nf7 59. Nc3 Rc8 60. Ne4 Ne5 61. Ra7 Nc6 62. Rb7 Ne5 63. f4 Ng4+ 64. Kf3 h5 65. Ng5 Rc3+ 66. Kg2 Rc2+ 67. Kf3 Rc8 68. Nxe6 Rc6 69. Rxg7+ Kh8 70. Re7 Rc3+ 71. Kg2 Ne3+ 72. Kh2 Nf5 73. Re8+ Kh7 74. Ng5+ Kg6 75. Re6+ Kg7 76. Ne4 Rc2+ 77. Kh3 Nd4 78. Re5 Nf3 79. Rxh5 Ng1+ 80. Kg4 Rc4 81. Rg5+ Kh6 82. Nd6 Ne2 83. Nf7+ Kh7 84. Ne5 Rc3 85. Rh5+ Kg7 86. Rh3 Ng1 87. Rh2 Re3 88. Rg2 Ne2 89. Nf3 Nc3 90. Nh4 Re1 91. Nf5+ Kf6 92. Nh4 Nd5 93. Rd2 Ne3+ 94. Kf3 Nc4 95. Rc2 Na3 96. Rc6+ Ke7 97. Rc5 Rf1+ 98. Kg4 Rb1 99. Nf5+ Kd7 100. Nd4 Rb4 101. Nf3 Nc4 102. Rxc4 Rxc4 103. Ne5+ 1-0

[Event "Titled Tuesday intern op 07th Jan Early"]
[Site "Chess.com INT"]
[Date "2025.01.07"]
[Round "8"]
[White "Krsnik Cohar, Ivan Vihor"]
[Black "Korol, Dimitry"]
[Result "1-0"]
[WhiteElo "2362"]
[BlackElo "2287"]
[PlyCount "67"]
[EventDate "2025.01.07"]
[EventType "swiss (blitz)"]
[EventRounds "11"]
[EventCountry "USA"]
[SourceTitle "CB03_2025"]
[SourceDate "2025.01.15"]
[SourceVersion "1"]
[SourceVersionDate "2025.01.15"]
[SourceQuality "1"]

1. d4 Nf6 2. Bf4 c5 3. e3 Qb6 4. Nc3 Qxb2 5. Nb5 Nd5 6. Rb1 Qxa2 7. Ra1 Qb2 8. Rb1 Qa2 9. Ra1 Qb2 10. Bxb8 Rxb8 11. Rb1 Qa2 12. Ra1 Qb2 13. Nxa7 Ra8 14. Ne2 Nc3 15. Nxc3 Qxc3+ 16. Ke2 cxd4 17. Qxd4 Qxc2+ 18. Kf3 Qf5+ 19. Kg3 e5 20. Qg4 Qxg4+ 21. Kxg4 d5+ 22. Kg3 Bc5 23. Nxc8 Rxa1 24. Bb5+ Kd8 25. Rxa1 Kc7 26. Rc1 b6 27. Na7 Ra8 28. Nc6 f6 29. Ne7 Kd6 30. Nf5+ Kc7 31. Kh3 g6 32. Ng3 Ra2 33. Ne2 Kd6 34. Rd1 1-0

[Event "Titled Tuesday intern op 07th Jan Early"]
[Site "Chess.com INT"]
[Date "2025.01.07"]
[Round "1"]
[White "Krsnik Cohar, Ivan Vihor"]
[Black "Manukian, Artak"]
[Result "1-0"]
[WhiteElo "2362"]
[BlackElo "2104"]
[PlyCount "115"]
[EventDate "2025.01.07"]
[EventType "swiss (blitz)"]
[EventRounds "11"]
[EventCountry "USA"]
[SourceTitle "CB03_2025"]
[SourceDate "2025.01.15"]
[SourceVersion "1"]
[SourceVersionDate "2025.01.15"]
[SourceQuality "1"]

1. d4 Nf6 2. Bf4 c5 3. e3 Qb6 4. Nc3 e6 5. Rb1 d5 6. Nf3 Bd7 7. Be2 Be7 8. Ne5 0-0 9. 0-0 Rc8 10. Bg5 Be8 11. Qd2 cxd4 12. exd4 Nc6 13. Nxc6 bxc6 14. Bd3 c5 15. dxc5 Qxc5 16. Ne2 e5 17. Bf5 Rd8 18. c3 d4 19. cxd4 exd4 20. Bd3 h6 21. Bh4 Qb4 22. Qxb4 Bxb4 23. Bxf6 gxf6 24. Rbc1 Rac8 25. Ng3 Rxc1 26. Rxc1 Bf8 27. Kf1 Bd7 28. Nh5 f5 29. Rc7 Be6 30. b3 a5 31. h3 a4 32. bxa4 Ra8 33. Bb5 Bxa2 34. Rd7 Bg7 35. Nxg7 Kxg7 36. Rxd4 Kf6 37. f4 h5 38. Kf2 h4 39. Rd6+ Be6 40. g3 hxg3+ 41. Kxg3 Ke7 42. Rb6 Kd8 43. h4 Kc7 44. Rc6+ Kb7 45. Rc1 Rg8+ 46. Kf2 Rg4 47. Rh1 Rxf4+ 48. Ke3 Re4+ 49. Kd2 Rd4+ 50. Kc3 Rd8 51. h5 Rh8 52. h6 f4 53. Kd4 f3 54. Bd3 Kb6 55. Be4 Ka5 56. Bxf3 Kxa4 57. Ke5 Rd8 58. h7 1-0

[Event "Titled Tuesday intern op 07th Jan Early"]
[Site "Chess.com INT"]
[Date "2025.01.07"]
[Round "10"]
[White "Krsnik Cohar, Ivan Vihor"]
[Black "Sarana, Alexey"]
[Result "0-1"]
[WhiteElo "2362"]
[BlackElo "2677"]
[PlyCount "94"]
[EventDate "2025.01.07"]
[EventType "swiss (blitz)"]
[EventRounds "11"]
[EventCountry "USA"]
[SourceTitle "CB03_2025"]
[SourceDate "2025.01.15"]
[SourceVersion "1"]
[SourceVersionDate "2025.01.15"]
[SourceQuality "1"]

1. d4 Nf6 2. Bf4 d5 3. c3 c5 4. e3 e6 5. Nd2 Bd6 6. Bxd6 Qxd6 7. Bd3 0-0 8. Ngf3 Nc6 9. 0-0 e5 10. dxe5 Nxe5 11. Nxe5 Qxe5 12. h3 Rd8 13. Qf3 Be6 14. Rfe1 Rac8 15. Qf4 Qxf4 16. exf4 d4 17. c4 b6 18. f5 Bd7 19. g4 Bc6 20. f4 Ne8 21. Kf2 Nd6 22. Re7 Rd7 23. Rxd7 Bxd7 24. Nf3 f6 25. Re1 Kf7 26. b3 Re8 27. Rxe8 Kxe8 28. h4 Bc6 29. Nd2 Ke7 30. a4 h5 31. Kg3 hxg4 32. Kxg4 Kf7 33. h5 Kg8 34. Nf1 Kh7 35. Ng3 Kh6 36. Bc2 Bg2 37. Bd3 a6 38. Bc2 Bb7 39. Bd3 Bc6 40. Bc2 b5 41. axb5 axb5 42. cxb5 Bxb5 43. Kf3 Bc6+ 44. Kg4 Bd5 45. Bd1 Ne4 46. Nxe4 Bxe4 47. Be2 Bc2 0-1

[Event "CRO-chT1A 32nd"]
[Site "Veli Losinj"]
[Date "2024.10.11"]
[Round "7.3"]
[White "Krsnik Cohar, Ivan Vihor"]
[Black "Biti, Ozren"]
[Result "1-0"]
[WhiteElo "2331"]
[BlackElo "2284"]
[PlyCount "109"]
[EventDate "2024.10.05"]
[EventType "team-tourn"]
[EventRounds "9"]
[EventCountry "CRO"]
[SourceTitle "CB47_2024"]
[SourceDate "2024.11.20"]
[SourceVersion "1"]
[SourceVersionDate "2024.11.20"]
[SourceQuality "1"]
[WhiteTeam "Pula"]
[BlackTeam "Zagreb Novi Zagreb"]
[WhiteTeamCountry "CRO"]
[BlackTeamCountry "CRO"]

1. d4 d6 2. e4 Nf6 3. Nc3 e5 4. Nf3 Nbd7 5. Bc4 Be7 6. 0-0 0-0 7. a4 a5 8. Re1 c6 9. h3 exd4 10. Nxd4 Nc5 11. Qf3 Be6 12. Bf1 Qb6 13. b3 Rfe8 14. Be3 Rad8 15. g4 d5 16. e5 Nfe4 17. Nxe6 fxe6 18. Nxe4 dxe4 19. Qxe4 Qc7 20. Qf4 g5 21. Qc4 Rd5 22. Bg2 b6 23. c3 Qd7 24. b4 axb4 25. cxb4 Nxa4 26. Bxd5 cxd5 27. Qa6 b5 28. Rec1 d4 29. Rd1 Nc3 30. Rd2 Bxb4 31. Bxd4 Nd5 32. Rdd1 Bf8 33. Be3 h6 34. Ra5 Qf7 35. Qxb5 Nc3 36. Qd3 Nxd1 37. Qxd1 Qg6 38. Qf3 Bg7 39. Qc6 Rf8 40. Kg2 Re8 41. Bb6 Rb8 42. Ra7 Bf8 43. Bc7 Re8 44. Rb7 Rc8 45. Qf3 Bg7 46. Bd6 Rc4 47. Rd7 Rf4 48. Qa8+ Kh7 49. Bf8 Rf7 50. Bxg7 Qxg7 51. Qe4+ Kg8 52. Rd6 Rf4 53. Qd3 Qf7 54. f3 Qg7 55. Rxe6 1-0

[Event "CRO-chT1A 32nd"]
[Site "Veli Losinj"]
[Date "2024.10.05"]
[Round "1.3"]
[White "Trbojevic, Mladen"]
[Black "Krsnik Cohar, Ivan Vihor"]
[Result "1-0"]
[WhiteElo "2332"]
[BlackElo "2331"]
[PlyCount "73"]
[EventDate "2024.10.05"]
[EventType "team-tourn"]
[EventRounds "9"]
[EventCountry "CRO"]
[SourceTitle "CB47_2024"]
[SourceDate "2024.11.20"]
[SourceVersion "1"]
[SourceVersionDate "2024.11.20"]
[SourceQuality "1"]
[WhiteTeam "Strigova Stridon"]
[BlackTeam "Pula"]
[WhiteTeamCountry "CRO"]
[BlackTeamCountry "CRO"]

1. e4 c5 2. Nf3 Nc6 3. c3 e5 4. Bc4 Be7 5. d3 Nf6 6. 0-0 0-0 7. Re1 d6 8. Bg5 Na5 9. Bxf6 Bxf6 10. Bd5 Nc6 11. Nbd2 Ne7 12. Bc4 Bg4 13. h3 Bd7 14. Nf1 b5 15. Bb3 Bc6 16. Ne3 Qd7 17. d4 c4 18. Bc2 Qb7 19. Ng4 Ng6 20. Nxf6+ gxf6 21. Nh2 Qe7 22. Ng4 Bd7 23. Nh6+ Kh8 24. Nf5 Qd8 25. Nxd6 Nf4 26. Re3 Qb6 27. dxe5 Rad8 28. Qd4 Qc6 29. Kh2 Ng6 30. exf6 Bxh3 31. Nxf7+ Rxf7 32. Qxd8+ Rf8 33. Qd4 Qc7+ 34. e5 Rd8 35. Qe4 Be6 36. Rd1 Re8 37. Qd4 1-0

[Event "Titled Tuesday intern op 17th Sep Early"]
[Site "Chess,com INT"]
[Date "2024.09.17"]
[Round "11"]
[White "Audi, Ameya"]
[Black "Krsnik Cohar, Ivan Vihor"]
[Result "0-1"]
[WhiteElo "2413"]
[BlackElo "2331"]
[PlyCount "104"]
[EventDate "2024.09.17"]
[EventType "swiss (blitz)"]
[EventRounds "11"]
[EventCountry "USA"]
[SourceTitle "EXT 2025"]
[Source "ChessBase"]
[SourceDate "2024.10.14"]
[SourceVersion "1"]
[SourceVersionDate "2024.10.14"]
[SourceQuality "1"]

1. d4 d5 2. Nf3 Bf5 3. Bf4 e6 4. e3 c6 5. c4 Qb6 6. Qb3 Nd7 7. c5 Qxb3 8. axb3 a6 9. b4 Rc8 10. Nbd2 Be7 11. Nb3 Bd8 12. h3 Ngf6 13. Na5 Bxa5 14. bxa5 0-0 15. Ra4 Ra8 16. Rb4 Ra7 17. Be2 Rc8 18. 0-0 Ne8 19. g4 Bg6 20. h4 h6 21. h5 Bh7 22. Ne5 Ndf6 23. f3 Nc7 24. Kf2 Nb5 25. Ra4 Rd8 26. Raa1 Ne8 27. Rh1 f6 28. Nd3 Raa8 29. Nb4 Nec7 30. Bd3 Re8 31. Bxh7+ Kxh7 32. Nd3 Rad8 33. Ra4 Rd7 34. Rb4 Kg8 35. Rg1 Rde7 36. Bxc7 Rxc7 37. f4 Rf7 38. Ke2 Rc7 39. Ra4 Na7 40. Raa1 Nc8 41. Rg3 Ne7 42. Rag1 Kh8 43. R3g2 Rf8 44. Kd2 Kh7 45. g5 Nf5 46. gxf6 gxf6 47. Nf2 Rg7 48. Rxg7+ Nxg7 49. Rh1 Nf5 50. Rg1 Rg8 51. Rxg8 Kxg8 52. Ng4 Kg7 0-1

[Event "Titled Tuesday intern op 17th Sep Early"]
[Site "Chess,com INT"]
[Date "2024.09.17"]
[Round "9"]
[White "Craciun, Sasha Matei"]
[Black "Krsnik Cohar, Ivan Vihor"]
[Result "0-1"]
[WhiteElo "2212"]
[BlackElo "2331"]
[PlyCount "188"]
[EventDate "2024.09.17"]
[EventType "swiss (blitz)"]
[EventRounds "11"]
[EventCountry "USA"]
[SourceTitle "EXT 2025"]
[Source "ChessBase"]
[SourceDate "2024.10.14"]
[SourceVersion "1"]
[SourceVersionDate "2024.10.14"]
[SourceQuality "1"]

1. e4 d5 2. exd5 Qxd5 3. Nc3 Qe5+ 4. Be2 c6 5. d4 Qc7 6. Nf3 Bf5 7. 0-0 e6 8. Ne5 Nd7 9. Bf4 Bd6 10. g4 Bg6 11. Nxg6 hxg6 12. Bxd6 Qxd6 13. f4 Ngf6 14. Qd3 0-0-0 15. Rad1 g5 16. Ne4 Nxe4 17. Qxe4 Rh4 18. Rf2 Nf6 19. Qe5 Nxg4 20. Qxd6 Rxd6 21. Bxg4 Rxg4+ 22. Rg2 Rxf4 23. Rxg5 Rfxd4 24. Rxd4 Rxd4 25. Rxg7 Rd1+ 26. Kg2 Rd2+ 27. Kg3 Rxc2 28. h4 Rc1 29. Kg2 Rc2+ 30. Kg3 Rxb2 31. h5 Rb1 32. h6 Rh1 33. h7 Kc7 34. Rxf7+ Kb6 35. Kf4 c5 36. Ke5 c4 37. Kd4 Rh4+ 38. Kc3 a5 39. a4 Kc6 40. Re7 Kd5 41. Rd7+ Kc6 42. Re7 b5 43. axb5+ Kxb5 44. Rb7+ Kc6 45. Ra7 Kb6 46. Re7 Kc5 47. Rc7+ Kd6 48. Ra7 a4 49. Rxa4 Rxh7 50. Rxc4 Kd5 51. Ra4 Rh2 52. Kd3 e5 53. Ra5+ Ke6 54. Ke4 Rh4+ 55. Ke3 Kf5 56. Rb5 Rh3+ 57. Ke2 Ra3 58. Rb4 Rc3 59. Ra4 Rb3 60. Rh4 Ra3 61. Rb4 Ke6 62. Rh4 Kd5 63. Rg4 Rh3 64. Ra4 Rh6 65. Rb4 Kc5 66. Ra4 Rh5 67. Rg4 Kd5 68. Ra4 Rh2+ 69. Ke3 Ke6 70. Rg4 Kf6 71. Ra4 Kf5 72. Rb4 e4 73. Rb8 Rh3+ 74. Ke2 Ra3 75. Rf8+ Ke6 76. Re8+ Kd5 77. Rd8+ Kc5 78. Rc8+ Kd6 79. Re8 Ra4 80. Ke3 Ra1 81. Rxe4 Kc5 82. Kf4 Kd5 83. Re5+ Kd6 84. Re3 Rf1+ 85. Rf3 Ra1 86. Re3 Kd5 87. Re5+ Kc6 88. Re2 Ra3 89. Rc2+ Kd6 90. Ke4 Ra4+ 91. Kd3 Kd5 92. Rh2 Ra3+ 93. Ke2 Ra2+ 94. Kf3 Rxh2 0-1

[Event "Titled Tuesday intern op 17th Sep Early"]
[Site "Chess,com INT"]
[Date "2024.09.17"]
[Round "6"]
[White "Kevlishvili, Robby"]
[Black "Krsnik Cohar, Ivan Vihor"]
[Result "1/2-1/2"]
[WhiteElo "2551"]
[BlackElo "2331"]
[PlyCount "192"]
[EventDate "2024.09.17"]
[EventType "swiss (blitz)"]
[EventRounds "11"]
[EventCountry "USA"]
[SourceTitle "EXT 2025"]
[Source "ChessBase"]
[SourceDate "2024.10.14"]
[SourceVersion "1"]
[SourceVersionDate "2024.10.14"]
[SourceQuality "1"]

1. e4 c6 2. Nf3 d5 3. Nc3 dxe4 4. Nxe4 Bg4 5. h3 Bxf3 6. Qxf3 Nd7 7. d4 Ngf6 8. Bc4 e6 9. 0-0 Nxe4 10. Qxe4 Nf6 11. Qe3 Be7 12. Rd1 0-0 13. Bf1 Re8 14. c3 Qa5 15. Qf3 Rad8 16. Be3 Qh5 17. g4 Qd5 18. Bg2 Qxf3 19. Bxf3 Nd5 20. Bd2 h6 21. a4 Bf6 22. Be1 a6 23. b4 Nf4 24. Kh2 e5 25. Bd2 Nd3 26. Be3 exd4 27. cxd4 Bxd4 28. Bxd4 Rxd4 29. Ra3 Red8 30. b5 axb5 31. axb5 cxb5 32. Bxb7 b4 33. Ra2 b3 34. Rad2 b2 35. Rb1 g6 36. Bg2 Rb8 37. Kh1 Rb3 38. Bf1 Kg7 39. Bxd3 Rdxd3 40. Rxd3 Rxd3 41. Rxb2 Rxh3+ 42. Kg2 Rc3 43. Rb5 g5 44. Rb6 f6 45. Rb7+ Kg6 46. Rb6 Rc4 47. Kg3 Rf4 48. Rb8 f5 49. Rb6+ Kg7 50. f3 fxg4 51. fxg4 Rf6 52. Rb7+ Kg6 53. Ra7 Rb6 54. Rc7 Rb3+ 55. Kg2 Rb6 56. Kg3 Re6 57. Rb7 h5 58. gxh5+ Kxh5 59. Rb3 Rc6 60. Ra3 Kg6 61. Rb3 Rf6 62. Ra3 Rf4 63. Rb3 Kh5 64. Ra3 Rg4+ 65. Kh3 Rg1 66. Kh2 Rc1 67. Kg3 Rg1+ 68. Kh2 Rg4 69. Kh3 Rh4+ 70. Kg3 Rh1 71. Kg2 Re1 72. Kg3 Re5 73. Rb3 Rf5 74. Ra3 Rf6 75. Rb3 Ra6 76. Rc3 Rb6 77. Ra3 Rb4 78. Rc3 Re4 79. Ra3 Kg6 80. Ra6+ Kg7 81. Ra7+ Kf6 82. Ra6+ Re6 83. Rxe6+ Kxe6 84. Kg4 Kf6 85. Kg3 Kf5 86. Kf3 g4+ 87. Kg3 Kg5 88. Kg2 Kf4 89. Kf2 g3+ 90. Kg2 Kg4 91. Kg1 Kh3 92. Kh1 Kg4 93. Kg2 Kf4 94. Kg1 Kf3 95. Kf1 g2+ 96. Kg1 Kg3 1/2-1/2

[Event "Titled Tuesday intern op 17th Sep Early"]
[Site "Chess,com INT"]
[Date "2024.09.17"]
[Round "10"]
[White "Krsnik Cohar, Ivan Vihor"]
[Black "Bogdanov, Artyom"]
[Result "1-0"]
[WhiteElo "2331"]
[BlackElo "2309"]
[PlyCount "69"]
[EventDate "2024.09.17"]
[EventType "swiss (blitz)"]
[EventRounds "11"]
[EventCountry "USA"]
[SourceTitle "EXT 2025"]
[Source "ChessBase"]
[SourceDate "2024.10.14"]
[SourceVersion "1"]
[SourceVersionDate "2024.10.14"]
[SourceQuality "1"]

1. d4 Nf6 2. Bf4 d5 3. c3 c5 4. e3 Nc6 5. Nd2 Qb6 6. Qb3 c4 7. Qc2 g6 8. e4 Nxe4 9. Nxe4 dxe4 10. Bxc4 Bf5 11. Be3 Qc7 12. Ne2 Bg7 13. h3 h5 14. Bd5 0-0 15. Bxe4 Nb4 16. Qb1 Nd5 17. Bxf5 Nxe3 18. fxe3 gxf5 19. Qxf5 e5 20. 0-0 exd4 21. exd4 Rae8 22. Nf4 Re3 23. Nxh5 Re6 24. Rae1 Rg6 25. Nf4 Rf6 26. Qg5 Qd6 27. Qxg7+ Kxg7 28. Nh5+ Kh7 29. Rxf6 Qd5 30. Re5 Qxa2 31. d5 Rg8 32. Rxf7+ Kh6 33. Nf4 Qb1+ 34. Kh2 Rg5 35. Re6+ 1-0

[Event "Titled Tuesday intern op 10th Sep Early"]
[Site "Chess,com INT"]
[Date "2024.09.10"]
[Round "3"]
[White "Madaminov, Mukhiddin"]
[Black "Krsnik Cohar, Ivan Vihor"]
[Result "1-0"]
[WhiteElo "2512"]
[BlackElo "2331"]
[PlyCount "129"]
[EventDate "2024.09.10"]
[EventType "swiss (blitz)"]
[EventRounds "11"]
[EventCountry "USA"]
[SourceTitle "EXT 2025"]
[Source "ChessBase"]
[SourceDate "2024.10.14"]
[SourceVersion "1"]
[SourceVersionDate "2024.10.14"]
[SourceQuality "1"]

1. e4 d5 2. exd5 Qxd5 3. Nc3 Qe5+ 4. Nge2 c6 5. d4 Qc7 6. Bd2 Nf6 7. h3 Bf5 8. Nf4 h6 9. Bd3 Bxd3 10. Nxd3 e6 11. Qf3 Nbd7 12. 0-0 Bd6 13. Rfe1 0-0 14. Ne4 Nxe4 15. Rxe4 Nf6 16. Rh4 Qe7 17. Re1 Nh7 18. Rg4 f5 19. Rg6 Rf6 20. Rxf6 Qxf6 21. Bf4 Bxf4 22. Qxf4 Qf7 23. Nc5 Nf8 24. Qd6 Re8 25. c3 b6 26. Nd3 Qd7 27. Qa3 a5 28. Ne5 Qd5 29. Qb3 b5 30. Kf1 a4 31. Qb4 Nd7 32. Nxd7 Qxd7 33. Re5 Kf7 34. a3 Qe7 35. Rc5 Qd7 36. Kg1 Rc8 37. Qa5 Rc7 38. Qa8 Qc8 39. Qa5 Qd7 40. Re5 Qd6 41. Qa8 Rd7 42. Qc8 Rc7 43. Rxe6 Rxc8 44. Rxd6 Ke7 45. Rg6 Kf7 46. Rg3 f4 47. Rf3 g5 48. g3 Ke6 49. gxf4 Rf8 50. Re3+ Kd5 51. fxg5 Rg8 52. h4 hxg5 53. Re5+ Kc4 54. hxg5 Kb3 55. f4 Kxb2 56. d5 cxd5 57. Rxd5 Rb8 58. g6 Kxa3 59. f5 Kb3 60. g7 Kxc3 61. Rxb5 Rxb5 62. g8Q Rxf5 63. Qc8+ Kb3 64. Qxf5 a3 65. Qb1+ 1-0

[Event "Titled Tuesday intern op 27th Aug Late"]
[Site "Chess.com INT"]
[Date "2024.08.27"]
[Round "9"]
[White "Abdurakhmanov, Mukhmmadali"]
[Black "Krsnik Cohar, Ivan Vihor"]
[Result "0-1"]
[WhiteElo "2395"]
[BlackElo "2331"]
[PlyCount "48"]
[EventDate "2024.08.27"]
[EventType "swiss (blitz)"]
[EventRounds "11"]
[EventCountry "USA"]
[SourceTitle "EXT 2025"]
[Source "ChessBase"]
[SourceDate "2024.10.14"]
[SourceVersion "1"]
[SourceVersionDate "2024.10.14"]
[SourceQuality "1"]

1. d4 d5 2. c4 Bf5 3. cxd5 Bxb1 4. Rxb1 Qxd5 5. a3 Nc6 6. Nf3 0-0-0 7. Be3 Nf6 8. g3 Ng4 9. Bh3 f5 10. 0-0 Nxe3 11. fxe3 g6 12. b4 Bh6 13. Rb3 e5 14. Bg2 exd4 15. Ng5 Qd7 16. h4 Bxg5 17. hxg5 dxe3 18. Rd3 Qe6 19. Rf3 Ne5 20. Rfxe3 Rxd3 21. exd3 Qd6 22. d4 Rd8 23. d5 Qb6 24. Qc1 Ng4 0-1